[Event "Tch-NED"]
[Site "NED"]
[Date "2001.03.24"]
[Round "7"]
[White "Winants,L"]
[Black "Van Haastert,E"]
[Result "1/2-1/2"]
[WhiteElo "2515"]
[BlackElo "2414"]

1.d4 Nf6 2.Bg5 Ne4 3.Bf4 d5 4.e3 Bf5 5.f3 Nd6 6.Nd2 e6 7.c4 Nxc4 8.Nxc4 dxc4
9.Bxc4 Bb4+ 10.Kf2 Bd6 11.Ne2 h6 12.Qb3 Bxf4 13.Nxf4 Nd7 14.Rac1 O-O 15.Rhd1 Nb6
16.Bf1 Qd6 17.Kg1 e5 18.dxe5 Qxe5 19.Qc3 Qxc3 20.Rxc3 g5 21.Ne2 c6 22.Nd4 Rfd8
23.Rcc1 Be6 24.Nxe6 fxe6 25.Kf2 Kf7 26.Kg3 Kf6 27.e4 e5 28.h4 Rac8 29.b4 a6
30.a3 Na8 31.Rxd8 Rxd8 32.Bxa6 gxh4+ 33.Kxh4 bxa6 34.Rxc6+ Ke7 35.Rxa6 Nc7
36.Rxh6 Ra8 37.Kg5 Ne8 38.Rh7+ Ke6 39.Rh8 Kf7 40.Rh7+ Ke6 41.Rh8 Ke7 42.Rg8 Kf7
43.Rg6 Rxa3 44.Rc6 Ra2 45.Kf5 Rxg2 46.Kxe5 Rb2 47.Rb6 Ke7 48.f4 Kd7 49.f5 Kc7
50.Rb5 Kc6 51.Rc5+ Kd7 52.Rd5+ Ke7 53.Rb5 Nf6 54.Rb7+ Nd7+ 55.Kf4 Rf2+ 56.Ke3 Rf1
57.Rb5 Nf6 58.Rb7+ Nd7 59.Rb5 Nf6 60.Rb7+  1/2-1/2

[Event "Belgian Interteams 2000-1"]
[Site "BEL"]
[Date "2001.03.25"]
[Round "11"]
[White "Kishnev,S"]
[Black "Mohandesi,S"]
[Result "1/2-1/2"]
[WhiteElo "2489"]
[BlackElo "2299"]

1.d4 Nf6 2.Bg5 Ne4 3.Bf4 d5 4.e3 c6 5.Nd2 Nxd2 6.Qxd2 Bf5 7.c4 e6 8.Nf3 Nd7
9.Be2 dxc4 10.Bxc4 Nb6 11.Bb3 Nd5 12.Bxd5 Qxd5 13.O-O Be7 14.Qe2 Bg4 15.h3 Bxf3
16.Qxf3 Qxf3 17.gxf3  1/2-1/2

[Event "TCh-CHN Men"]
[Site "Suzhou, Jiangsu CHN"]
[Date "2001.03.28"]
[Round "3"]
[White "Zhang Ziyang"]
[Black "Hong Jiarong"]
[Result "0-1"]
[WhiteElo "2018"]
[BlackElo "2130"]

1.d4 Nf6 2.Bg5 Ne4 3.Bh4 d5 4.f3 Nd6 5.Nd2 c6 6.e4 Qb6 7.Bf2 Qxb2 8.e5 Nb5
9.Rb1 Qxa2 10.Bxb5 cxb5 11.Ra1 Qb2 12.Ne2 Bf5 13.Rc1 e6 14.g4 Bg6 15.h4 h6
16.O-O Nc6 17.c3 Bd3 18.Re1 Ba3 19.Be3 Na5 20.Nf1 Bh7 21.Nd2 O-O 22.g5 hxg5
23.hxg5 Rfc8 24.Nb1 Nb3 25.Nxa3 Qxa3 26.Rb1 Bxb1 27.Qxb1 g6 28.Kf2 Kg7 29.Rh1 Rh8
30.Rh6 Rag8 31.Nf4 Kf8 32.Qh1 Qb2+ 33.Kg3 Kg7 34.Qh3 Re8 35.Qg4 Qc2 36.Qh3 a5
37.Bf2 Qf5 38.Qxf5 exf5 39.Nxd5 a4 40.Nc7 a3 41.Nxe8+ Rxe8 42.e6 fxe6 43.d5 a2
44.Rh1 exd5 45.Bd4+ Nxd4 46.cxd4 b4  0-1

[Event "Target Recruitment Masters"]
[Site "Belfast IRL"]
[Date "2001.03.31"]
[Round "4"]
[White "Orr,M"]
[Black "Visser,Y"]
[Result "1/2-1/2"]
[WhiteElo "2315"]
[BlackElo "2442"]

1.d4 Nf6 2.Bg5 Ne4 3.Bf4 d5 4.e3 c5 5.Bd3 cxd4 6.Bxe4 dxe4 7.Qxd4 Qxd4 8.exd4 Nc6
9.c3 Be6 10.Nd2 f5 11.f3 g5 12.Bxg5 Rg8 13.Nh3 Bd5 14.O-O exf3 15.Nxf3 O-O-O
16.b3 b5 17.Nf4 Bxf3 18.Rxf3 Rxg5 19.Ne6 Bh6 20.Nxd8 Kxd8 21.Re1 Bg7 22.b4 Kd7
23.h4 Rh5 24.g3 e6 25.Kg2 Rh6 26.a4 a6 27.axb5 axb5 28.Ra1 Rf6 29.Ra6 Kc7
30.Ra8 Rf8 31.Rxf8 Bxf8 32.g4 Ne7 33.g5 Ng6 34.Kh3 Bd6 35.h5 Nf4+ 36.Kh4 Ng2+
37.Kh3 Nf4+ 38.Kh4 Ng2+  1/2-1/2

[Event "TCh-CHN Women"]
[Site "Suzhou, Jiangsu CHN"]
[Date "2001.03.31"]
[Round "6"]
[White "Gong Qingyun"]
[Black "Liang Zhihua"]
[Result "0-1"]
[WhiteElo "2197"]
[BlackElo "2224"]

1.d4 Nf6 2.Bg5 Ne4 3.Bf4 d6 4.f3 Nf6 5.e4 g6 6.Bd3 Bg7 7.Ne2 O-O 8.Qd2 c5
9.c3 Nc6 10.d5 Ne5 11.Bxe5 dxe5 12.c4 Ne8 13.Nbc3 Nd6 14.h4 h5 15.O-O-O Kh7
16.g4 Bh6 17.g5 Bg7 18.Rdg1 a6 19.Ng3 b5 20.Nd1 bxc4 21.Bb1 Qb6 22.Ne3 Rb8
23.Rg2 Qb4 24.Qxb4 cxb4 25.Rc2 f6 26.Nxc4 fxg5 27.Nxd6 exd6 28.hxg5 Rxf3
29.Rg1 Bd7 30.Kd2 b3 31.axb3 Rbxb3 32.Ne2 Rf2 33.Ba2 Rh3 34.Bc4 a5 35.Rc3 Rxc3
36.bxc3 Bf8 37.Rb1 Be7 38.Ke1 Rf7 39.Rb6 h4  0-1

[Event "Target Recruitment Masters"]
[Site "Belfast IRL"]
[Date "2001.04.01"]
[Round "5"]
[White "Orr,M"]
[Black "Gillen,A"]
[Result "1-0"]
[WhiteElo "2315"]
[BlackElo "2247"]

1.d4 Nf6 2.Bg5 Ne4 3.Bf4 c5 4.f3 Qa5+ 5.c3 Nf6 6.d5 Qb6 7.b3 e6 8.e4 exd5
9.exd5 Bd6 10.Bg5 Be7 11.c4 Qd6 12.Qe2 Nc6 13.Nh3 Nd4 14.Qd2 Qe5+ 15.Kf2 Nxf3
16.gxf3 Qxa1 17.Nc3 d6 18.Rg1 h6 19.Be3 Ng4+ 20.fxg4 Bf6 21.Nb5 Bh4+ 22.Kg2 Qe5
23.Be2 O-O 24.Bf4 Qe4+ 25.Bf3 Qg6 26.Kh1 Rd8 27.Nf2 a6 28.Nc3 Bxf2 29.Qxf2 Qf6
30.Bd2 Re8 31.Na4 b5 32.Nb6 Rb8 33.Nxc8 Rbxc8 34.g5 hxg5 35.Bxg5 Qe5 36.Qh4 Qf5
37.Qf4 Qxf4 38.Bxf4 Rcd8 39.Bg5 f6 40.Bxf6 Rd7 41.Bg4 Rb7 42.Be6+ Kh7 43.Bc3 bxc4
44.bxc4 Rf8 45.h3 Rf2 46.Rg2 Rb1+ 47.Kh2  1-0

[Event "Bundesliga 2000-1"]
[Site "Gelsenkirchen"]
[Date "2001.04.01"]
[Round "13"]
[White "Teske,H"]
[Black "Kotter,R"]
[Result "1-0"]
[WhiteElo "2466"]
[BlackElo "2369"]

1.d4 Nf6 2.Bg5 Ne4 3.h4 c5 4.dxc5 Qa5+ 5.Nd2 Nxg5 6.hxg5 g6 7.Nf3 Bg7 8.c3 Qxc5
9.e3 Nc6 10.Bd3 d6 11.Qc2 Be6 12.Nb3 Qb6 13.Nfd4 Bd7 14.Nxc6 bxc6 15.O-O-O a5
16.Nd2 Be6 17.a3 a4 18.Rh4 Bb3 19.Nxb3 axb3 20.Qd2 Qc5 21.Rc4 Qxg5 22.Be4 O-O
23.Bxc6 Ra5 24.f4 Qf5 25.Qd3 Qg4 26.Bf3 Qd7 27.Rb4 Rc8 28.Rxb3 Rac5 29.Kb1 Qa4
30.Ka2 Qa5 31.Bb7 Rb8 32.Qa6 Qc7 33.Bd5 Rxb3 34.Bxb3 Bf6 35.Qd3 Qb7 36.g4 Bg7
37.g5 Qb6 38.Rd2 Bf8 39.e4 e6 40.Rh2 Rb5 41.Bc4 Rc5 42.Qh3 Bg7 43.Bb3 Rb5
44.Bxe6 fxe6 45.Qxe6+ Kf8 46.Qc8+ Kf7 47.f5 gxf5 48.exf5 Qb7 49.Qe6+ Kf8
50.f6 Qd5+ 51.Qxd5 Rxd5 52.Rxh7  1-0

[Event "TCh-FRA"]
[Site "Mulhouse FRA"]
[Date "2001.04.01"]
[Round "7"]
[White "Winants,L"]
[Black "Turner,M"]
[Result "1-0"]
[WhiteElo "2515"]
[BlackElo "2498"]

1.d4 Nf6 2.Bg5 Ne4 3.Bf4 c5 4.d5 Qb6 5.Nd2 Nxd2 6.Bxd2 e5 7.e4 d6 8.Nf3 Be7
9.Bd3 Bg4 10.b3 Qd8 11.h3 Bxf3 12.Qxf3 Bg5 13.Bb5+ Kf8 14.Bc3 a6 15.Bf1 Nd7
16.g3 Bh6 17.a4 Ke7 18.h4 Re8 19.Bh3 Kf8 20.O-O a5 21.Qe2 Nf6 22.Rfb1 Re7
23.Be1 Qe8 24.Rd1 g6 25.Bc3 Nh5 26.Kg2 Kg8 27.Rh1 Rc7 28.Qd3 b6 29.Bg4 Nf6
30.Be2 c4 31.bxc4 Rac8 32.Qf3 Qd8 33.Rhe1 Kg7 34.Ra3 Nd7 35.Bd3 Rxc4 36.Bxc4 Rxc4
37.Qd3 Qc8 38.f4 f6 39.fxe5 dxe5 40.Re2 Kf7 41.Bb2 Bf8 42.Rc3 Rxc3 43.Bxc3 Nc5
44.Qf3 Bd6 45.Rf2 Nxe4 46.Bxe5 Bxe5 47.Qxe4 Qc3 48.Qd3 Qb4 49.d6 Bxd6 50.Qb3+ Qxb3
51.cxb3 h5 52.Rc2 Bc5 53.Kf3 g5 54.hxg5 fxg5 55.Rd2 Be7 56.Rd7 Ke6 57.Rb7 Bd8
58.Ke4 h4 59.gxh4 gxh4 60.Rh7 Kd6 61.Rh5 Be7 62.Kd4 Ke6 63.Ke4 Kd6 64.Kf5 Kc6
65.Ke6 Bb4 66.Rxh4 b5 67.Rh5 bxa4 68.bxa4 Bd2 69.Rh2 Bb4 70.Rc2+ Kb6 71.Kd5 Kb7
72.Rc6 Kb8 73.Kc4 Kb7 74.Kb5 Be1 75.Rc2 Bb4 76.Rc1 Bd2 77.Rd1 Bb4 78.Rd7+ Kc8
79.Kc6 Kb8 80.Kb6 Kc8 81.Rd1 Be7 82.Kxa5 Bg5 83.Rb1 Be3 84.Rb5 Bd2+ 85.Kb6 Kb8
86.Re5 Kc8 87.Re8+ Kd7 88.Rg8  1-0

[Event "TCh-CHN Men"]
[Site "Suzhou, Jiangsu CHN"]
[Date "2001.04.04"]
[Round "9"]
[White "Zhang Ziyang"]
[Black "Qiao Liang"]
[Result "1-0"]
[WhiteElo "2018"]
[BlackElo "2376"]

1.d4 Nf6 2.Bg5 Ne4 3.Bh4 c5 4.f3 g5 5.fxe4 gxh4 6.d5 Qb6 7.Qc1 Bh6 8.e3 d6
9.Na3 Qb4+ 10.Kf2 Qxe4 11.Nb5 Kd8 12.Nc3 Qg6 13.Nf3 Nd7 14.Bd3 Qh5 15.Qe1 h3
16.g4 Qxg4 17.Ne4  1-0

[Event "TCh-CHN Women"]
[Site "Suzhou, Jiangsu CHN"]
[Date "2001.04.05"]
[Round "10"]
[White "Gong Qingyun"]
[Black "Zhao Dindin"]
[Result "1-0"]
[WhiteElo "2197"]
[BlackElo "2231"]

1.d4 Nf6 2.Bg5 Ne4 3.Bf4 d5 4.Nd2 Nf6 5.e3 g6 6.h4 Bg7 7.Bd3 c5 8.c3 Nc6
9.Ngf3 Bg4 10.Qb1 Qd7 11.Ne5 Nxe5 12.Bxe5 Nh5 13.Bxg7 Nxg7 14.dxc5 O-O 15.f3 Bf5
16.g4 Bxd3 17.Qxd3 Qa4 18.Qxd5 Ne6 19.b3 Qa6 20.Qc4 Qa3 21.b4 a5 22.Qb3 axb4
23.cxb4 Qa7 24.Kf2 b6 25.cxb6 Qxb6 26.Nc4 Qa7 27.a4 Rfd8 28.Kg2 Qb7 29.Rhb1 Rd5
30.Ra2 Rad8 31.Rf2 Rd3 32.Qa2  1-0

[Event "FSIMA April"]
[Site "Budapest HUN"]
[Date "2001.04.07"]
[Round "12"]
[White "Sendur,A"]
[Black "Pachow,J"]
[Result "1-0"]
[WhiteElo "2303"]
[BlackElo "2297"]

1.d4 Nf6 2.Bg5 Ne4 3.Bf4 c5 4.f3 Qa5+ 5.c3 Nf6 6.Nd2 cxd4 7.Nb3 Qa4 8.Qxd4 Qxd4
9.cxd4 a5 10.Bxb8 Rxb8 11.Nxa5 Nd5 12.e4 Ne3 13.Kf2 Nxf1 14.Rxf1 Ra8 15.Nc4 Rxa2
16.Ne2 Ra6 17.Nc3 d6 18.Ra1 e6 19.Rhc1 Be7 20.Nb5 d5 21.Nc7+ Kd8 22.Nxa6 dxc4
23.Nc5 b6 24.Na4 b5 25.Nc3  1-0

[Event "7th Open"]
[Site "Werther GER"]
[Date "2001.04.07"]
[Round "2"]
[White "Scho,C"]
[Black "Kopylov,M"]
[Result "0-1"]
[WhiteElo "2175"]
[BlackElo "2452"]

1.d4 Nf6 2.Bg5 Ne4 3.Bf4 c5 4.f3 Nf6 5.dxc5 Na6 6.e4 Nxc5 7.Nc3 Ne6 8.Be3 d6
9.Qd2 g6 10.Bc4 Bg7 11.e5 dxe5 12.Qxd8+ Kxd8 13.Nb5 a6 14.O-O-O+ Ke8 15.Bxe6 axb5
16.Bb3 Bd7 17.Ne2 Bc6 18.Rhe1 e6 19.Bc5 Nd5 20.Nc3 Nxc3 21.bxc3 e4 22.Kb2 exf3
23.gxf3 Rd8 24.f4 Rxd1 25.Rxd1 h5 26.Bd4 Bxd4 27.cxd4 Ke7 28.Kc3 h4 29.Kd3 b4
30.Ke3 Kd6 31.Rg1 Rh5 32.Bc4 h3 33.Rb1 g5 34.Rxb4 gxf4+ 35.Kxf4 Rh4+ 36.Kg3 Rxd4
37.c3 Re4 38.Kxh3 Re3+ 39.Kg4 Rxc3 40.Bb3 f5+ 41.Kg5 Rh3 42.Rd4+ Ke5 43.Rd2 Be4
44.Re2 Rh8 45.Bc2 Rg8+ 46.Kh6 Kf6 47.Kh7 Rg2  0-1

[Event "Israel Open Ch"]
[Site "Tel Aviv ISR"]
[Date "2001.04.09"]
[Round "1"]
[White "Drozdov,Alexandre"]
[Black "Huzman,A"]
[Result "0-1"]
[WhiteElo "2252"]
[BlackElo "2578"]

1.d4 Nf6 2.Bg5 Ne4 3.Bf4 c5 4.f3 Qa5+ 5.c3 Nf6 6.d5 g6 7.e4 d6 8.Na3 Bg7
9.Ne2 Nbd7 10.Nc4 Qc7 11.a4 O-O 12.Ng3 Ne5 13.Be2 Nxc4 14.Bxc4 Nd7 15.O-O Ne5
16.Be2 e6 17.Bxe5 Bxe5 18.f4 Bg7 19.dxe6 fxe6 20.Bc4 Kh8 21.Qb3 Bh6 22.Ne2 Qe7
23.Rf2 b6 24.Raf1 Bd7 25.Kh1 Rad8 26.Qa2 Bc8 27.a5 bxa5 28.Qxa5 d5 29.exd5 exd5
30.Bd3 Bg4 31.Ng3 c4 32.Be2 Bc8 33.f5 gxf5 34.Bf3 Be3 35.Re2 f4 36.Nh5 Qg5
37.Rxe3 fxe3 38.Qxa7 d4 39.cxd4 Qxh5 40.d5 Qe5 41.h4 Rde8 42.Qc5 Rf4  0-1

[Event "32nd Open"]
[Site "Mar del Plata ARG"]
[Date "2001.04.12"]
[Round "6"]
[White "Garcia Palermo,C"]
[Black "Flores,Di"]
[Result "1/2-1/2"]
[WhiteElo "2470"]
[BlackElo "2400"]

1.d4 Nf6 2.Bg5 Ne4 3.Bf4 c5 4.e3 Qb6 5.Nc3 Nxc3 6.bxc3 e6 7.Nf3 Qa5 8.Qd2 Nc6
9.Be2 Be7 10.O-O d5 11.a4 O-O 12.Rfb1 Qd8 13.c4 cxd4 14.exd4 dxc4 15.Bxc4 b6
16.Bd3 Bb7 17.Be4 Qd7 18.d5 exd5 19.Bxd5 Rad8 20.Rd1 Qf5 21.c4 Bf6 22.Rab1 Ne7
23.Bc7 Nxd5 24.Bxd8 Nc3 25.Bxf6 Qxf6 26.Ne1 Nxb1 27.Rxb1 Rd8 28.Qe3 Qc6 29.Rb5 h6
30.Re5 Rd1 31.f3 Qxc4 32.Re8+ Kh7 33.Re7 Qb4 34.Kf2 Qh4+ 35.Kg1 Bd5 36.f4 Be6
37.Qe4+ f5 38.Qxe6 Qxf4 39.Rd7 Rxd7 40.Qxd7  1/2-1/2

[Event "Open"]
[Site "Dubai UAE"]
[Date "2001.04.15"]
[Round "1"]
[White "Anastasian,A"]
[Black "Abdullah,Ma"]
[Result "1-0"]
[WhiteElo "2574"]
[BlackElo "2258"]

1.d4 Nf6 2.Bg5 Ne4 3.Bf4 c5 4.f3 Nf6 5.d5 Qb6 6.Be5 d6 7.Bc3 g6 8.e4 Bg7
9.Nd2 Nbd7 10.a4 Qc7 11.Bd3 b6 12.f4 O-O 13.Ngf3 Nh5 14.Bxg7 Nxg7 15.O-O f5
16.exf5 Nxf5 17.Qe2 Nf6 18.c4 Bd7 19.Ne4 Nxe4 20.Bxe4 Rae8 21.b3 e6 22.Rae1 Qd8
23.Qd3 Qf6 24.dxe6 Bxe6 25.Re2 Kg7 26.Bc6 Rc8 27.Rfe1 Bg8 28.Bd5 Rc7 29.Bxg8 Kxg8
30.Re6 Qg7 31.g3 Rf6 32.R6e4 Re7 33.g4 Rxe4 34.Qxe4 Nd4 35.Nxd4 cxd4 36.Qxd4 Qf7
37.Re4 Re6 38.Rxe6 Qxe6 39.Qd5  1-0

[Event "Classics IMA"]
[Site "Gausdal NOR"]
[Date "2001.04.16"]
[Round "2"]
[White "Vegh,E"]
[Black "Caoili,A"]
[Result "1/2-1/2"]
[WhiteElo "2305"]
[BlackElo "2140"]

1.d4 Nf6 2.Bg5 Ne4 3.Bf4 d5 4.f3 Nf6 5.Nc3 c5 6.e4 dxe4 7.d5 exf3 8.Nxf3 a6
9.Qd2 b5 10.O-O-O Bb7 11.Qe1 Qb6 12.Ng5 Nbd7 13.d6 e6 14.Nxe6 fxe6 15.Qxe6+ Kd8
16.Bd3 Bc6 17.Rhe1 Kc8 18.Bf5 Kb7 19.Qf7 Rd8 20.g4 h6 21.h4 b4 22.Ne4 Nxe4
23.Bxe4 Bxe4 24.Rxe4 Qc6 25.Re3 Kb6 26.g5  1/2-1/2

[Event "GM"]
[Site "Hampstead ENG"]
[Date "2001.04.20"]
[Round "5"]
[White "Richardson,J"]
[Black "Hunt,A"]
[Result "1-0"]
[WhiteElo "2338"]
[BlackElo "2431"]

1.d4 Nf6 2.Bg5 Ne4 3.Bf4 c5 4.f3 Qa5+ 5.c3 Nf6 6.Nd2 cxd4 7.Nb3 Qb6 8.Qxd4 Nc6
9.Qxb6 axb6 10.Be3 b5 11.Bd2 d6 12.e4 Be6 13.Nc1 Bc4 14.Nge2 d5 15.exd5 Bxd5
16.b3 e5 17.Ng3 b4 18.Bb5 bxc3 19.Bxc3 Nd7 20.Nd3 f6 21.O-O Na7 22.Bxd7+ Kxd7
23.Rfd1 Nb5 24.Bb4 Nd4 25.f4 Nc2 26.Bxf8 Nxa1 27.Bxg7 Rhg8 28.Bxf6 Nc2 29.fxe5 Rxa2
30.Nf4 Ne3 31.Rd3 Rc8 32.Rxe3  1-0

[Event "3rd Rector Cup"]
[Site "Kharkov RUS"]
[Date "2001.04.20"]
[Round "4"]
[White "Moiseenko,A"]
[Black "Zubarev,A1"]
[Result "0-1"]
[WhiteElo "2561"]
[BlackElo "2460"]

1.d4 Nf6 2.Bg5 Ne4 3.Bf4 c5 4.f3 Qa5+ 5.c3 Nf6 6.Nd2 cxd4 7.Nb3 Qb6 8.Qxd4 Qxd4
9.cxd4 e6 10.e4 d5 11.Bxb8 Rxb8 12.e5 Nd7 13.f4 f6 14.Nf3 Bb4+ 15.Kd1 Nb6
16.a3 Be7 17.Rc1 O-O 18.Bd3 fxe5 19.fxe5 Nc4 20.Bxc4 dxc4 21.Rxc4 b6 22.Nbd2 Bb7
23.Re1 Rf4 24.Ke2 Rg4 25.Kf2 b5 26.Rc2 b4 27.h3 Rf4 28.Kg3 Rf7 29.axb4 Bxb4
30.Re3 h6 31.Ne4 Bd5 32.Nd6 Rd7 33.Kh2 a5 34.Nd2 Bxd6 35.exd6 Rxd6 36.Ra3 Ra6
37.Nf1 Rb4 38.Ne3 Bb3 39.Rc8+ Kh7 40.Rd8 a4 41.Ra1 Rbb6 42.Rf1 Rd6 43.Rff8 Rxd8
44.Rxd8 Rb6 45.Kg3 Ba2 46.Nd1 Bd5 47.Nc3 Rb3 48.Rc8 Rb4 49.Nxd5 exd5 50.Ra8 Rxd4
51.Ra5 Kg6 52.Kf3 Kf5 53.Ra7 g6 54.Rf7+ Ke5 55.Re7+ Kf6 56.Re2 Rb4 57.g3 h5
58.h4 Kf5 59.Kg2 Rb3 60.Kh2 d4 61.Kg2 d3 62.Rf2+ Ke4 63.Rf4+ Ke3  0-1

[Event "Open"]
[Site "Crans Montana SUI"]
[Date "2001.04.21"]
[Round "5"]
[White "Michaud,C"]
[Black "Gheorghiu,F"]
[Result "0-1"]
[WhiteElo "2074"]
[BlackElo "2478"]

1.d4 Nf6 2.Bg5 Ne4 3.Bf4 c5 4.f3 Nf6 5.dxc5 Qa5+ 6.Nc3 Qxc5 7.e4 d6 8.Qd2 a6
9.O-O-O Nbd7 10.g4 h6 11.h4 Ne5 12.Be3 Qc7 13.Be2 e6 14.Nh3 Nfd7 15.f4 Nc4
16.Bxc4 Qxc4 17.g5 b5 18.b3 Qc6 19.f5 b4 20.fxe6 fxe6 21.Na4 e5 22.Qg2 h5
23.g6 Nf6 24.Ng5 Bf5 25.Nb6 Rb8 26.Nd5 Bxg6 27.Ne6 Bxe4 28.Nxg7+ Bxg7  0-1

[Event "TSGM"]
[Site "Belgrade YUG"]
[Date "2001.04.22"]
[Round "2"]
[White "Sahovic,D"]
[Black "Narciso Dublan,M"]
[Result "1/2-1/2"]
[WhiteElo "2446"]
[BlackElo "2544"]

1.d4 Nf6 2.Bg5 Ne4 3.Bf4 c5 4.f3 Qa5+ 5.c3 Nf6 6.d5 Qb6 7.b3 g6 8.e4 Bg7
9.Na3 d6 10.Ne2 h5 11.Nc4 Qd8 12.a4 Nbd7 13.Qd2 Nb6 14.Na3 Bd7 15.Rd1 c4
16.a5 Nbxd5 17.exd5 cxb3 18.c4 O-O 19.Nd4 b2 20.Be2 e5 21.dxe6 fxe6 22.Be3 d5
23.O-O e5 24.Nb3 d4 25.Bf2 Bf5 26.Qxb2 d3 27.Rfe1 e4 28.Qc1 Nd5 29.cxd5 Rc8
30.Qe3 dxe2 31.Qxe2 Rc3 32.fxe4 Bg4 33.Qd2 Rxb3 34.Nc4 Bxd1 35.Rxd1 Qc7 36.Qe2 Rc3
37.Nd2 Rc1 38.Nf3 Rxd1+ 39.Qxd1 Qxa5 40.h4 Qa1 41.Qxa1 Bxa1 42.Bxa7 Re8 43.d6 Bf6
44.Bb6 Bd8 45.Bxd8 Rxd8 46.e5 Kf7 47.Nd4 Ke8 48.Kf2 Kd7 49.Ke3 Ra8 50.Ke4 Ra2
51.g3 Ra5 52.Nb3 Rb5 53.Nd4 Rc5 54.Nb3 Rc3 55.Nd4 Rc5 56.Nb3 Rc3 57.Nd4 Rc5  1/2-1/2

[Event "zt3.3 Women"]
[Site "HeiBei CHN"]
[Date "2001.04.27"]
[Round "11"]
[White "Gong Qingyun"]
[Black "Yu Ting"]
[Result "1/2-1/2"]
[WhiteElo "2193"]
[BlackElo "2175"]

1.d4 Nf6 2.Bg5 Ne4 3.Bf4 d5 4.Nd2 Bf5 5.e3 e6 6.Bd3 Nxd2 7.Qxd2 Bg6 8.Nf3 Nd7
9.O-O Bd6 10.Bg5 Be7 11.Bxe7 Qxe7 12.c4 Bxd3 13.Qxd3 dxc4 14.Qxc4 c6 15.Nd2 O-O
16.Nb3 e5 17.Rad1 Nb6 18.Qc2 exd4 19.Rxd4 Rfd8 20.Re4 Qc7 21.Rh4 h6 22.Nd4 Nd5
23.Nf5 Ne7 24.Ng3 Ng6 25.Rg4 Qd7 26.Rd4 Qc7 27.Re4 Rd5 28.h4 Rad8 29.h5 Nf8
30.Rg4 Qd7 31.f3 Ne6 32.Qc3 Rd3 33.Qe5 Qd5 34.Qf6 Kf8 35.Qf5 Qxf5 36.Nxf5 R8d5
37.e4 Rc5 38.Rf2 Rc1+ 39.Kh2 Re1 40.Ng3 Rdd1 41.Nf5 Rh1+ 42.Kg3 Rxh5 43.b4 g6
44.Ne3 Rd4 45.Nc2 Rd3 46.Ne1 Rc3 47.Rd2 Rh1 48.Nd3 Rc4 49.Ne5 Rd4 50.Rxd4 Nxd4
51.Nc4 Rc1 52.Nd6 b6 53.e5 c5 54.bxc5 bxc5 55.Kh2 Nc6 56.Ra4 Nxe5 57.Rxa7 Rd1
58.Ne4 c4 59.f4 Nd3 60.Nd6 c3 61.Rxf7+ Kg8 62.Rc7 Nb4 63.Rc8+ Kg7 64.Ne8+ Kf7
65.Rxc3 Kxe8 66.Rh3 h5 67.f5 Kf7 68.fxg6+ Kxg6 69.Rg3+ Kf5 70.Rf3+ Kg5 71.Rg3+ Kh6
72.Rc3 Rd2 73.Rc4 Nd5 74.Rc6+ Kg5 75.Rc5 Kg4 76.Rc8 Rxa2 77.Rg8+ Kf5 78.Rf8+ Nf6
79.Kh3 Kg5 80.Rb8 Ra3+ 81.g3 Rd3 82.Rb5+ Nd5 83.Rb8 Nf4+ 84.Kh2 Rd2+ 85.Kh1 Ng6
86.Kg1 Ne5 87.Rb5 Kf5 88.Rb4 Nf3+ 89.Kf1 Nd4 90.Rb8 Kg4 91.Rg8+ Kh3 92.Rg5 Nf3
93.Rxh5+ Kxg3 94.Rh3+  1/2-1/2

[Event "2nd ch-EUR Women"]
[Site "Warsaw POL"]
[Date "2001.04.27"]
[Round "6"]
[White "Agababean,N"]
[Black "Jiretorn,E"]
[Result "1-0"]
[WhiteElo "2362"]
[BlackElo "2106"]

1.d4 Nf6 2.Bg5 Ne4 3.Bf4 c5 4.c3 Qb6 5.Bc1 g6 6.f3 Nf6 7.e4 d6 8.Na3 cxd4
9.Bb5+ Bd7 10.Qxd4 Qxd4 11.cxd4 a6 12.Bxd7+ Nfxd7 13.Be3 Bg7 14.Ne2 O-O 15.Rc1 Nc6
16.O-O Rac8 17.Rc3 d5 18.e5 Nb6 19.Rb3 Na4 20.Rxb7 Na5 21.Rb4 Nc4 22.Nxc4 Rxc4
23.Rxc4 dxc4 24.b3 Nb6 25.Rc1 cxb3 26.axb3 Nd5 27.Bd2 Rb8 28.Rc6 h5 29.Nc1 Rb6
30.Rxb6 Nxb6 31.Nd3 Nd5 32.Nc5 Nc7 33.f4 e6 34.Kf2 Bf8 35.Nd3 Ba3 36.b4 Kf8
37.Ke2 Ke8 38.Kd1 Nb5 39.d5 exd5 40.Kc2 Kd8 41.Kb3 Kc7 42.Ne1 a5 43.bxa5 Kb7
44.Ka4 Ka6 45.Nd3 Be7 46.Bb4  1-0

[Event "2nd ch-EUR Women"]
[Site "Warsaw POL"]
[Date "2001.04.27"]
[Round "6"]
[White "Fatalibekova,E"]
[Black "Socko,M"]
[Result "0-1"]
[WhiteElo "2284"]
[BlackElo "2351"]

1.d4 Nf6 2.Bg5 Ne4 3.Bf4 c5 4.d5 Qb6 5.Bc1 g6 6.Nf3 Bg7 7.c3 O-O 8.g3 c4
9.e3 Qc5 10.Bg2 e6 11.Nfd2 exd5 12.Nxe4 dxe4 13.Bxe4 Nc6 14.Qd5 d6 15.Na3 Be6
16.Qxc5 dxc5 17.f4 Rac8 18.Ke2 Rfd8 19.Bf3 a6 20.Bd2 b5 21.Rad1 Bf5 22.Kf2 Bd3
23.Be1 f5 24.h3 Rc7 25.g4 Ne7 26.Rg1 Kh8 27.e4 Rcd7 28.e5 Nd5 29.Bxd5 Rxd5
30.g5 Bf8 31.Rd2 b4 32.Nc2 Bxc2 33.Rxc2 b3 34.axb3 cxb3 35.Re2 c4 36.Rg2 a5
37.e6 Re8 38.Bd2 Rd6 39.Be3 Rdxe6 40.Bd4+ Kg8 41.Rxe6 Rxe6 42.Rg1 a4 43.Ra1 Ra6
44.Ke3 a3 45.bxa3 Rxa3 46.Rb1 Ra2 47.Be5 Bc5+ 48.Bd4 Ba3 49.Be5 Rc2  0-1

[Event "Astral Open"]
[Site "Bucharest ROM"]
[Date "2001.04.28"]
[Round "8"]
[White "Grigore,G"]
[Black "Jianu,V"]
[Result "1-0"]
[WhiteElo "2483"]
[BlackElo "2320"]

1.d4 Nf6 2.Bg5 Ne4 3.Bf4 c5 4.f3 Qa5+ 5.c3 Nf6 6.Nd2 cxd4 7.Nb3 Qd8 8.cxd4 d5
9.e3 e6 10.g4 Nc6 11.Rc1 Bb4+ 12.Kf2 O-O 13.Bb5 Bd7 14.Ne2 Qb6 15.Bd3 Rfc8
16.h4 a5 17.a3 Bf8 18.h5 a4 19.Nc5 Bxc5 20.Rxc5 Qxb2 21.g5 Ne8 22.Rb5 Qxa3
23.Qb1 Na5 24.Bxh7+ Kf8 25.Rb6 Bc6 26.Bd3 Nc4 27.Bxc4 dxc4 28.h6 gxh6 29.gxh6 Ke7
30.Rxb7+ Bxb7 31.Qxb7+ Nc7 32.Bxc7 Qb3 33.Bb6+ Kf6 34.d5 e5 35.f4 Rab8 36.fxe5+ Kxe5
37.Qe7+ Kxd5 38.Qd7+  1-0

[Event "Bundesliga 2000-1"]
[Site "Plauen GER"]
[Date "2001.04.28"]
[Round "14"]
[White "Schmidt,Bo"]
[Black "Pezerovic,E"]
[Result "1-0"]
[WhiteElo "2387"]
[BlackElo "2428"]

1.d4 Nf6 2.Bg5 Ne4 3.Bf4 d5 4.e3 Bf5 5.f3 Nf6 6.g4 Bg6 7.c4 e6 8.Nc3 c6 9.Qb3 Qd7
10.h4 h6 11.Nh3 Be7 12.Nf2 dxc4 13.Bxc4 Nd5 14.Nxd5 exd5 15.Bd3 Bxd3 16.Nxd3 Qc8
17.O-O-O Nd7 18.Kb1 Nb6 19.Be5 Rg8 20.Rc1 Nc4 21.Ka1 Qd7 22.Bf4 Bd6 23.Bxd6 Nxd6
24.Nc5 Qc7 25.e4 dxe4 26.fxe4 O-O-O 27.d5 Qb6 28.Qg3 f6 29.Rhd1 Nf7 30.Rd3 Qb4
31.dxc6 bxc6 32.Na6 Qb6 33.Rxc6+ Kb7 34.Rxb6+ axb6 35.Qc7+ Ka8 36.Nc5  1-0

[Event "Bundesliga 2000-1"]
[Site "Luebeck GER"]
[Date "2001.04.29"]
[Round "15"]
[White "Hodgson,Ju"]
[Black "Schandorff,L"]
[Result "1/2-1/2"]
[WhiteElo "2595"]
[BlackElo "2518"]

1.d4 Nf6 2.Bg5 Ne4 3.Bf4 c5 4.f3 Qa5+ 5.c3 Nf6 6.d5 e6 7.e4 exd5 8.exd5 d6
9.Qd2 Be7 10.c4 Qxd2+ 11.Kxd2 Nh5 12.Be3 f5 13.Nc3 Nd7 14.Re1 Kf7 15.Nh3 Ne5
16.Ng5+ Bxg5 17.Bxg5 h6 18.Be3 Bd7 19.Be2 g5 20.g3 f4  1/2-1/2

[Event "TCh-FRA"]
[Site "Montpellier FRA"]
[Date "2001.04.29"]
[Round "9"]
[White "Mensch,E"]
[Black "Grollemund,B"]
[Result "1/2-1/2"]
[WhiteElo "2349"]
[BlackElo "2082"]

1.d4 Nf6 2.Bg5 Ne4 3.Bf4 d5 4.e3 Bf5 5.Bd3 e6 6.f3 Nd6 7.Ne2 Be7 8.O-O O-O
9.c3 Nd7 10.Bxf5 exf5 11.Qd3 g6 12.Nd2 Nf6 13.Rae1 Nh5 14.Be5 Bg5 15.Ng3 Nxg3
16.Bxg3 Re8 17.b3 b6 18.Bf2 Qd7 19.Rc1 Rad8 20.Rfe1 c6 21.a4 Re6 22.c4 dxc4
23.bxc4 Nb7 24.Nb3 c5 25.d5 Ree8 26.a5 bxa5 27.Qc3 a4 28.Na5 Bf6 29.Qxf6 Nxa5
30.Bg3 Nb3 31.Rc2 Qe7 32.Qxe7 Rxe7 33.Bh4 Kf8 34.Bxe7+ Kxe7 35.Ra2 Rb8 36.Rb1 Rb4
37.e4 fxe4 38.fxe4 Rxc4 39.e5 Re4 40.d6+ Kd7 41.Rxa4 Rxa4 42.Rxb3 Rb4 43.Ra3 Rb7
44.Rc3 Kc6 45.Kf2 Kd5 46.Rd3+ Ke6 47.Ke3 c4 48.Rd4 f6 49.exf6 Rd7 50.Rf4 Kf7
51.Rxc4 Kxf6 52.Rc6 Ke5 53.Ra6 Rxd6 54.Rxa7 h5 55.Kf3 Rd3+ 56.Ke2 Rb3 57.Kf2 Kf4
58.g3+ Kg4 59.Ra2 Kh3 60.Ra6  1/2-1/2

[Event "Bundesliga 2000-1"]
[Site "Tegel GER"]
[Date "2001.04.29"]
[Round "15"]
[White "Hennig,D"]
[Black "Pachow,J"]
[Result "1/2-1/2"]
[WhiteElo "2443"]
[BlackElo "2297"]

1.d4 Nf6 2.Bg5 Ne4 3.Bf4 c5 4.f3 Qa5+ 5.c3 Nf6 6.d5 b5 7.e4 d6 8.Nd2 g6 9.a4 b4
10.Nc4 Qd8 11.cxb4 cxb4 12.Ne2 Bg7 13.Nd4 O-O 14.Be2 e5 15.dxe6 d5 16.exf7+ Kh8
17.exd5 Nxd5 18.Bxb8 Rxb8 19.Nc6 Qg5 20.Nxb8 Qxg2 21.Qxd5 Qxh1+ 22.Bf1 Bh3
23.O-O-O Bxf1 24.Nd7 Bxc4 25.Qxc4 Qxh2 26.Rd2 Qh1+ 27.Rd1 Qh2 28.Rd2 Qh1+
29.Rd1  1/2-1/2

[Event "2nd ch-EUR Women"]
[Site "Warsaw POL"]
[Date "2001.05.03"]
[Round "11"]
[White "Berend,E"]
[Black "Johansson,V"]
[Result "0-1"]
[WhiteElo "2312"]
[BlackElo "2149"]

1.d4 Nf6 2.Bg5 Ne4 3.Bf4 c5 4.f3 Nf6 5.d5 d6 6.e4 g6 7.Qd2 Bg7 8.Bh6 Nxe4
9.fxe4 Bxb2 10.c3 Bxa1 11.Nf3 Nd7 12.Bb5 Qb6 13.Bxd7+ Bxd7 14.O-O f6 15.Be3 a5
16.h4 a4 17.Qd1 a3 18.Rf2 Bb2 19.Nfd2 Qa6 20.Nf1 Qa5 21.e5 fxe5 22.Qf3 O-O-O
23.Bh6 Bf5 24.Nfd2 Qa4 25.Bg5 Rde8 26.Qe2 Qa6 27.Qd1 b5 28.Kh2 h6 29.Be3 Qa4
30.Qf1 Qxh4+ 31.Kg1 Qa4 32.Qe1 Ref8 33.Nf3 Bxb1 34.Qxb1 e4 35.Nh4 Rxf2 36.Kxf2 Rf8+
37.Kg1 g5 38.Ng6 Rf7 39.Qe1 Qc2 40.Qg3 Qd1+  0-1

[Event "4NCL"]
[Site "Birmingham ENG"]
[Date "2001.05.06"]
[Round "10"]
[White "Povah,N"]
[Black "Deveraux,M"]
[Result "1-0"]
[WhiteElo "2359"]
[BlackElo "2274"]

1.d4 Nf6 2.Bg5 Ne4 3.Bf4 c5 4.f3 Qa5+ 5.c3 Nf6 6.Nd2 cxd4 7.Nb3 Qb6 8.Qxd4 Nc6
9.Qxb6 axb6 10.Be3 b5 11.Nd4 Nxd4 12.Bxd4 d6 13.e4 Bd7 14.Bxf6 gxf6 15.a3 Bg7
16.Rd1 b4 17.axb4 Ra2 18.Rb1 f5 19.Bc4 Ra8 20.Ne2 fxe4 21.fxe4 f5 22.exf5 Bxf5
23.Bb5+ Kd8 24.Rd1 Bc2 25.Rc1 Bh6 26.Rxc2 Ra1+ 27.Nc1 Rxc1+ 28.Rxc1 Bxc1
29.Kd1 Bf4 30.g3 Be5 31.Ke2 Rf8 32.Ke3 e6 33.Ra1 Kc7 34.Rf1 Rxf1 35.Bxf1 d5
36.Kf3 Kd6 37.Kg4 Bg7 38.Bd3 h6 39.Kh5 e5 40.Kg6 Bf8 41.Kf7 Be7 42.h4 e4
43.Bb5 Bd8 44.Kg6 Bb6 45.Kxh6 Be3+ 46.Kg6 Bf2 47.g4 Bxh4 48.g5 d4 49.cxd4 Bf2
50.Kf7 Bxd4 51.b3 Ke5 52.g6 Kf4 53.g7 Bxg7 54.Kxg7 Ke3 55.Bc4 Kd2 56.b5  1-0